[Event "Perm Elo"]
[Site "Perm"]
[Date "2007.10.08"]
[Round "5"]
[White "Syrchikov, Alexander"]
[Black "Sazonov, Artem"]
[Result "1-0"]
[WhiteElo "2270"]
[BlackElo "2209"]
[PlyCount "72"]
[EventDate "2007.10.03"]
[EventType "tourn"]
[EventRounds "11"]
[EventCountry "RUS"]
[EventCategory "2"]
[SourceTitle "EXT 2009"]
[Source "ChessBase"]
[SourceDate "2008.11.26"]
[SourceVersion "1"]
[SourceVersionDate "2008.11.26"]
[SourceQuality "1"]

1. Nf3 Nf6 2. c4 c5 3. Nc3 d5 4. cxd5 Nxd5 5. e4 Nb4 6. Bc4 Nd3+ 7. Ke2 Nxc1+ 8. Rxc1 Nc6 9. Qb3 e6 10. Rhd1 Be7 11. Bb5 0-0 12. Bxc6 bxc6 13. d3 Ba6 14. Qc2 f5 15. Kf1 g5 16. Kg1 g4 17. Ne5 Bg5 18. Rb1 Bf4 19. Nc4 Rf6 20. g3 Rh6 21. Ne2 Bc7 22. Qc1 Qf6 23. exf5 Rf8 24. Ne3 exf5 25. Ng2 Re8 26. Nef4 Be5 27. Re1 Rb8 28. Qxc5 Bd4 29. Qc2 c5 30. Re6 Qf8 31. Rxa6 Rxa6 32. Qc4+ Qf7 33. Qxa6 Rb6 34. Qc8+ Kg7 35. b3 a5 36. Rc1 a4 1-0